Vdova z Efezu

Bibliographic Details
Main Authors: Petronius Arbiter, z. 66 (Author), F.H (Author, Translator)
Format: Article
Language:Slovak
Subjects:

MARC

LEADER 00000nab a2200000 a 4500
001 vtls000046920
003 SK-MaSNL
005 20260303022750.0
008 111103c1979 xo 0 slo
015 |a SNBRB19rr/mm-uuuuu 
035 |a CL0057016 
040 |a SNKBUCL  |b slo  |c SNKBUCL  |e AACR2 
041 0 |a slo 
044 |a xo  |c SK 
080 |a 871-7  |2 1981 
100 1 |a Petronius Arbiter,  |d z. 66  |4 aut  |9 160424 
245 1 0 |a Vdova z Efezu  |c Gaius Petronius ; F.H., F.H. 
500 |a V prílohe Poézia-próza. 
650 0 7 |a poviedky satirické  |2 snkbucl  |9 893880 
655 7 |a články z novín a časopisov  |2 snkbucl  |9 267496 
655 7 |a články z odboru literárna veda a krásna literatúra  |2 snkbucl  |9 770045 
700 1 |a F.H.  |4 aut  |9 909403 
700 1 |a F.H.  |4 trl  |9 909403 
773 0 |t Ľud  |g Roč. 32, č. 252 (25. 10. 1979), s. 10 
850 |a Slovenská národná knižnica v Martine  |a MTA001 
852 |a SNK  |b KIS3GCP 
958 |a RK 
958 |a LX 
992 |a RBX 
999 |c 1630748  |d 1632678